Las historietas en Chile: 1962-1982. Industria, ideología y prácticas sociales
Tallennettuna:
| Päätekijä: | |
|---|---|
| Aineistotyyppi: | Kirja |
| Kieli: | espanja |
| Julkaistu: |
Santiago
Lom
2016
|
| Painos: | 1a. ed |
| Sarja: | Colección Historia
|
| Aiheet: | |
| Tagit: |
Lisää tagi
Ei tageja, Lisää ensimmäinen tagi!
|
MARC
| LEADER | 00000cam a2200000 a 4500 | ||
|---|---|---|---|
| 001 | UCC5504 | ||
| 003 | CL-VaPUC | ||
| 008 | 181012e20160000cl |||||||||||||||||spa|d | ||
| 020 | |a 9789560006431 | ||
| 082 | 0 | 4 | |a 741.590983 |b ROJ |2 21 |
| 100 | 0 | |a Rojas Flores, Jorge |e author |9 599798 | |
| 245 | 1 | 4 | |a Las historietas en Chile: 1962-1982. Industria, ideología y prácticas sociales |
| 250 | |a 1a. ed | ||
| 300 | |a 549 p | ||
| 942 | |c BK | ||
| 945 | |d 20181012 13:26:00 |a dcastane | ||
| 260 | |a Santiago |b Lom |c 2016 | ||
| 650 | 0 | |a Cómics |9 369534 | |
| 650 | 0 | |a Historietas |9 369533 | |
| 650 | 0 | |a Ilustraciones |9 369481 | |
| 650 | 0 | |a Historia y crítica |9 257407 | |
| 650 | 7 | |a HISTORIETAS INFANTILES |2 CL-VaPUC |9 556361 | |
| 583 | |a last modification |c 20181012 13:26:00 |k Rodrigo Vera | ||
| 490 | 0 | |a Colección Historia | |
| 999 | |c 372699 |d 372697 | ||
| 952 | |0 0 |1 0 |3 erb |4 0 |6 741_590983000000000_ROJ_2016 |7 0 |8 A |9 490440 |a BIBHIS |b BIBHIS |i 550550K |o 741.590983 ROJ 2016 |p 550550K |r 2025-01-20 |w 2019-11-24 |y BK |z Catalogado en:20181012 |k HIS | ||